|
|
|
|
| LEADER |
00000nam0a2200000 4500 |
| 001 |
276727 |
| 005 |
20231101234940.0 |
| 020 |
|
|
|a RU
|b 86-26807
|
| 035 |
|
|
|a (RuTPU)RU\TPU\book\300000
|
| 090 |
|
|
|a 276727
|
| 100 |
|
|
|a 20141125d1986 km y0rusy5003 ca
|
| 101 |
0 |
|
|a rus
|
| 102 |
|
|
|a UA
|
| 105 |
|
|
|a y z 001zy
|
| 200 |
1 |
|
|a Моральное самосознание: этико-философский аспект
|f Д. С. Шимановский
|
| 210 |
|
|
|a Киев
|c Вища школа
|d 1986
|
| 215 |
|
|
|a 142 с.
|
| 320 |
|
|
|a Библиогр.: с. 137-142 (163 назв.)
|
| 606 |
1 |
|
|a Моральное самосознание
|2 stltpush
|3 (RuTPU)RU\TPU\subj\44427
|9 63751
|
| 610 |
1 |
|
|a нравственное самосознание
|
| 610 |
1 |
|
|a этика
|
| 610 |
1 |
|
|a философский подход
|
| 610 |
1 |
|
|a общественное сознание
|
| 610 |
1 |
|
|a личность
|
| 610 |
1 |
|
|a структура
|
| 610 |
1 |
|
|a особенности
|
| 610 |
1 |
|
|a индивидуальность
|
| 610 |
1 |
|
|a нравственная поведение
|
| 686 |
|
|
|a Ю73
|v LBC/SL-A
|2 rubbk
|
| 700 |
|
1 |
|a Шимановский
|b Д. С.
|g Давид Семенович
|4 070
|
| 801 |
|
0 |
|a RU
|b RuMRKP
|c 19950704
|g psbo
|
| 801 |
|
1 |
|a RU
|b 63413507
|c 20141125
|
| 801 |
|
2 |
|a RU
|b 63413507
|c 20170331
|g RCR
|
| 942 |
|
|
|c BK
|